000 00867nam a2200277Ia 4500
003 OSt
005 20220928112539.0
006 a|||||r|||| 00| 0
007 ta
008 220927b |||||||| |||| 00| 0 eng d
020 _cIndian Rupees 895
024 _a141942
037 _bGift, 06/02/2020,
_cTextual
040 _aSDCL
_cSDCL
_beng
041 _2eng
_aeng
082 _aX:75.1'P, P6
100 _aBanerjee Abhijit Vinayak Ed.
_9428678
245 0 _aUnderstanding poverty
260 _aNew Delhi
_bOxford University Press
_c2006
300 _alii,443p.
_ccm.
650 _aGift
_9391569
700 _a Benabou Roland Ed.
_9428679
700 _a Mookherjee Dilip Ed.
_9428680
942 _hX:75.1'P, P6
_cTEXL
_2CC
999 _c745218
_d745218